ბათუმის შოთა რუსთაველის სახელმწიფო უნივერსიტეტის ბიბლიოთეკა

Курс тригонометрии,развиваемый на основе реальных задач (ბიბ.ჩანაწერი № 40460)

000 -LEADER
fixed length control field 00595nam a2200205Ia 4500
001 - CONTROL NUMBER
control field 7070
003 - CONTROL NUMBER IDENTIFIER
control field GE_BSU
008 - FIXED-LENGTH DATA ELEMENTS--GENERAL INFORMATION
fixed length control field 181216s||||||||xx |||||||||||||| ||und||
040 ## - CATALOGING SOURCE
Transcribing agency GE_BSU
080 ## - UNIVERSAL DECIMAL CLASSIFICATION NUMBER
Universal Decimal Classification number 514.116
100 ## - MAIN ENTRY--PERSONAL NAME
Personal name Андронов,И.К.
245 ## - TITLE STATEMENT
Title Курс тригонометрии,развиваемый на основе реальных задач
245 ## - TITLE STATEMENT
Statement of responsibility, etc. Ред. Л.А. Сидорова
260 ## - PUBLICATION, DISTRIBUTION, ETC.
Place of publication, distribution, etc. Москва
260 ## - PUBLICATION, DISTRIBUTION, ETC.
Name of publisher, distributor, etc. Просвещение
260 ## - PUBLICATION, DISTRIBUTION, ETC.
Date of publication, distribution, etc. 1967
300 ## - PHYSICAL DESCRIPTION
Extent 648стр. 20см.
653 ## - INDEX TERM--UNCONTROLLED
Uncontrolled term Курс тригонометрии
942 ## - ADDED ENTRY ELEMENTS (KOHA)
Koha item type წიგნი
ეგზემპლარები
Withdrawn status Lost status Damaged status Not for loan Date acquired Barcode Date last seen Price effective from Koha item type
        2018-12-17 18355 2018-12-17 2018-12-17 წიგნი